000 00463nam a2200157Ia 4500
003 OSt
005 20200827122425.0
008 190216s9999||||xx |||||||||||||| ||und||
040 _coclc
082 _a539.12
_bBAR/I
100 _aBarrow, Gordon M
_94209
245 0 _aIntroduction To Molecular Spectroscopy /
_cGordon M Barrow
260 _bMcgraw -hill,
_c1962.
_aTokyo:
300 _a318p
942 _cBK
_2ddc
_h539.12
_iBAR/I
_k539.12
_mBAR/I
999 _c2236
_d2236